The Gunness Book of winners and champions (Record no. 27641)

000 -LEADER
fixed length control field 00433nam a22001457a 4500
008 - FIXED-LENGTH DATA ELEMENTS--GENERAL INFORMATION
fixed length control field 250214b ||||| |||| 00| 0 eng d
020 ## - INTERNATIONAL STANDARD BOOK NUMBER
International Standard Book Number 0851122019
082 00 - DEWEY DECIMAL CLASSIFICATION NUMBER
Classification number 790.134
Item number M4381
100 ## - MAIN ENTRY--PERSONAL NAME
9 (RLIN) 5754
Personal name Matthews, Peter
245 10 - TITLE STATEMENT
Title The Gunness Book of winners and champions
260 ## - PUBLICATION, DISTRIBUTION, ETC. (IMPRINT)
Place of publication, distribution, etc Middlesex:
Name of publisher, distributor, etc Gunness superlatives,
Date of publication, distribution, etc 1945.
300 ## - PHYSICAL DESCRIPTION
Extent 256 p.
650 #0 - SUBJECT ADDED ENTRY--TOPICAL TERM
Topical term or geographic name as entry element Gunness Book, Competitions-Dictionaries
942 ## - ADDED ENTRY ELEMENTS (KOHA)
Item type Books
Holdings
Withdrawn status Lost status Source of classification or shelving scheme Damaged status Not for loan Permanent location Current location Date acquired Full call number Barcode Date last seen Koha item type
          IMU Kolkata IMU Kolkata 2025-02-14 790.134 M4381 F01979 2025-02-14 Books
Designed and Maintained by IMU-KC Library, Kolkata Campus © Copyright All Rights Reserved

webs counters

Powered by Koha